The generative study of second language acquisition / (Record no. 2389)
[ view plain ]
| 000 -LEADER | |
|---|---|
| fixed length control field | 00973cam a2200253 a 4500 |
| 001 - CONTROL NUMBER | |
| control field | 1179274 |
| 005 - DATE AND TIME OF LATEST TRANSACTION | |
| control field | 20241217122352.0 |
| 008 - FIXED-LENGTH DATA ELEMENTS--GENERAL INFORMATION | |
| fixed length control field | 970218s1998 njua b 101 0 eng |
| 020 ## - INTERNATIONAL STANDARD BOOK NUMBER | |
| International Standard Book Number | 0805815538 (alk. paper) |
| 020 ## - INTERNATIONAL STANDARD BOOK NUMBER | |
| International Standard Book Number | 0805815546 (pbk. : alk. paper) |
| 050 00 - LIBRARY OF CONGRESS CALL NUMBER | |
| Classification number | P118.2 |
| Item number | .G46 1998 |
| 082 00 - DEWEY DECIMAL CLASSIFICATION NUMBER | |
| Classification number | 418 |
| Edition information | 21 |
| 245 04 - TITLE STATEMENT | |
| Title | The generative study of second language acquisition / |
| Statement of responsibility, etc. | edited by Suzanne Flynn, Gita Martohardjono, Wayne O'Neil. |
| 260 ## - PUBLICATION, DISTRIBUTION, ETC. | |
| Place of publication, distribution, etc. | Mahwah, N.J. : |
| Name of publisher, distributor, etc. | L. Erlbaum, |
| Date of publication, distribution, etc. | 1998. |
| 300 ## - PHYSICAL DESCRIPTION | |
| Extent | xiv, 366 p. : |
| Other physical details | ill. ; |
| Dimensions | 24 cm. |
| 500 ## - GENERAL NOTE | |
| General note | Papers presented at a conference held Jan. 1993, Massachusetts Institute of Technology. |
| 650 #0 - SUBJECT ADDED ENTRY--TOPICAL TERM | |
| Topical term or geographic name entry element | Second language acquisition |
| General subdivision | Congresses. |
| 650 #0 - SUBJECT ADDED ENTRY--TOPICAL TERM | |
| Topical term or geographic name entry element | Generative grammar |
| General subdivision | Congresses. |
| 700 1# - ADDED ENTRY--PERSONAL NAME | |
| Personal name | Flynn, Suzanne. |
| 700 1# - ADDED ENTRY--PERSONAL NAME | |
| Personal name | Martohardjono, Gita, |
| Dates associated with a name | 1956- |
| 700 1# - ADDED ENTRY--PERSONAL NAME | |
| Personal name | O'Neil, Wayne A. |
| 856 42 - ELECTRONIC LOCATION AND ACCESS | |
| Materials specified | Publisher description |
| Uniform Resource Identifier | <a href="http://www.loc.gov/catdir/enhancements/fy0730/97005955-d.html">http://www.loc.gov/catdir/enhancements/fy0730/97005955-d.html</a> |
| 942 ## - ADDED ENTRY ELEMENTS (KOHA) | |
| Source of classification or shelving scheme | Library of Congress Classification |
| Koha item type | Books |
| Suppress in OPAC | No |
| 999 ## - | |
| -- | 2389 |
| -- | 2389 |
| Withdrawn status | Lost status | Source of classification or shelving scheme | Damaged status | Not for loan | Collection | Home library | Current library | Shelving location | Date acquired | Total checkouts | Full call number | Barcode | Date last seen | Copy number | Price effective from | Koha item type |
|---|---|---|---|---|---|---|---|---|---|---|---|---|---|---|---|---|
| Library of Congress Classification | Non-fiction | Undergraduate Library (Christ Temple) | Undergraduate Library (Christ Temple) | General stacks | 12/17/2024 | P118.2.G46 GEN | ulct00000672 | 12/17/2024 | 1 | 12/17/2024 | Books | |||||
| Library of Congress Classification | Non-fiction | Undergraduate Library (Christ Temple) | Undergraduate Library (Christ Temple) | General stacks | 12/17/2024 | P118.2.G46 GEN | ulct00000673 | 12/17/2024 | 2 | 12/17/2024 | Books |